00851nam a22002297a 4500003000900000008004100009020001800050040007100068082003000139100002000169245013300189260006500322300002800387500003200415650002300447650002500470650002600495650001800521650002200539650001100561710004900572AR-CdUCM190311b ||||| |||| 00| 0 spa d a9786123172756 aMUNICIPALIDAD PROVINCIAL DEL CUSCOcBIBLIOTECA MUNICIPAL DEL CUSCO a320.985/M12bM122segunda aMc Evoy, Carmen aLa utopía republicana :cideales y realidades en la formación de la cultura política peruana, 1871-1919 /bCarmen Mc Evoy. aLima :bPontificia Universidad Católica del Perú,c2017. a409 páginas ;c24 cm. zBibliografía: p. 381-409. aCultura política aAspectos políticos aPolítica y gobierno aSiglos XIX-XX aRepública, 1825 aPerú aPontificia Universidad Católica del Perú